000 01248nam a2200325Ia 4500
001 ebr10307379
003 CaPaEBR
006 m u
007 cr cn|||||||||
008 080814s2008 inu s 001 0 eng d
010 _z 2008036129
020 _z9780470379301 (paper/website)
040 _aCaPaEBR
_cCaPaEBR
035 _a(OCoLC)647806556
050 1 4 _aQA76.9.A25
_bH344 2008eb
100 1 _aHaidar, Bilal.
245 1 0 _aProfessional ASP.NET 3.5 security, membership, and role management with C# and VB
_h[electronic resource] /
_cBilal Haidar, Stefan Schackow.
260 _aIndianapolis, IN :
_bWiley Pub.,
_c2008.
300 _axxix, 904 p.
500 _aIncludes index.
533 _aElectronic reproduction.
_bPalo Alto, Calif. :
_cebrary,
_d2009.
_nAvailable via World Wide Web.
_nAccess may be limited to ebrary affiliated libraries.
630 0 0 _aActive server pages.
650 0 _aMicrosoft .NET.
650 0 _aComputer security.
650 0 _aWeb site development.
655 7 _aElectronic books.
_2local
700 1 _aSchackow, Stefan,
_d1970-
710 2 _aebrary, Inc.
856 4 0 _uhttp://site.ebrary.com/lib/rucke/Doc?id=10307379
_zAn electronic book accessible through the World Wide Web; click to view
999 _c61165
_d61165